000 00335nam a2200157Ia 4500
008 230605s1986 xx 000 0 und d
041 _aeng
100 _aPelczar
245 _aMicrobiology
250 _a5th
260 _bMc Grawhill Pub.
_c1986
300 _a918p
520 _aGeneral
520 _aHard Board
650 _aC.S.
999 _c419830
_d419830